| 000 | 00983cam a2200277 i 4500 | ||
|---|---|---|---|
| 999 |
_c200447547 _d65759 |
||
| 003 | TR-AnTOB | ||
| 005 | 20220420102953.0 | ||
| 008 | 020419s2000 TR 00010 TUR | ||
| 020 | _a9758458051 | ||
| 040 |
_aTR-AnTOB _beng _erda _cTR-AnTOB |
||
| 041 | 0 | _atur | |
| 050 | 1 |
_aHD3612 _b.D89 2000 |
|
| 090 |
_aHD3612 _b.D89 2000 |
||
| 245 | 0 | 0 |
_aDüzenleyici reform değerlendirmeleri = _bOECD reviews of regulatory reform / _cTürk Sanayicileri ve İşadamları Derneği (TÜSiAD). |
| 264 | 1 |
_aİstanbul: _bTürk Sanayicileri ve İşadamları Derneği: _c2000. |
|
| 300 |
_a49 pages ; _c28 cm |
||
| 336 |
_2rdacontent _atext _btxt |
||
| 337 |
_2rdamedia _aunmediated _bn |
||
| 338 |
_2rdacarrier _avolume _bnc |
||
| 490 | 0 |
_aTürk Sanayicileri ve İşadamları Derneği Yayın No: _v2000-06-284. |
|
| 653 | _aTrade regulation--OECD countries | ||
| 653 | _aTicaret yönetmeliği--OECD ülkeleri | ||
| 942 |
_2lcc _cBK |
||